000 00345nab a22001097u 4500
008 130520b1986 xxu||||| |||| 00| 0 spa d
041 _aspa
100 1 _aLiu, Shu-Hsien
_967371
245 0 0 _aEl cristianismo desde la perspectiva de la religión china
_cShu-Hsien Liu
773 0 _tConcilium
_gV.1,1986,págs.97-108
_x0210-1041
_wRev134
942 _cAR
999 _c355201
_d355201